000 00721nam a22002297i 4500
999 _c23122
_d23122
003 AR-CdUCM
008 241111b20212021 pe||||| |||| 00| 0 spa d
020 _a978-612-47305-6-6
040 _aMUNICIPALIDAD PROVINCIAL DEL CUSCO
_cBIBLIOTECA MUNICIPAL DEL CUSCO
041 _hspa
082 _a869.56 / C28
_bC28
100 _aCárdenas Ugaz, Guisell
_950803
245 _aTulio y el Mundo /
260 _aCusco :
_bSieteculebras Editores.
_c2021
300 _a75 páginas. :
_c20 cm
505 _aInvitación a la lectura de Tulio -- Tulio y el mundo
650 _aCuentos peruanos
_950804
650 _aNiños autistas
_950805
650 _aCuentos
_950806
942 _2ddc
_cLIBROS
945 _apbj
_d11-11-2024